Najnovšie trendy v Embedded Value

European Embedded Value Principles. Ohodnocovanie finančných opcií a garancií. Riziková diskontná miera. Požadovaný kapitál. Ma prahu Market Consistent Embedded Value.

Enregistré dans:
Détails bibliographiques
Auteur principal: Koma, Jozef
Format: Chapitre de livre
Langue:slovaque
Sujets:
Tags: Ajouter un tag
Pas de tags, Soyez le premier à ajouter un tag!

MARC

LEADER 00000naa$a2200000$$$4500
001 0051150
005 20231107122208.7
041 0 |a slo 
044 |a SK 
245 1 0 |a Najnovšie trendy v Embedded Value  |c Jozef Koma 
520 |a European Embedded Value Principles. Ohodnocovanie finančných opcií a garancií. Riziková diskontná miera. Požadovaný kapitál. Ma prahu Market Consistent Embedded Value. 
610 2 0 |a poisťovne 
610 2 0 |a riziko trhové 
610 2 0 |a riziko poistné 
610 2 0 |a hodnota 
610 2 0 |a hodnota poistná 
100 1 |a Koma, Jozef